The universe below : (Record no. 15782)

000 -LEADER
fixed length control field 01692nam a2200265 a 4500
001 - CONTROL NUMBER
control field ASIN0684838524
005 - DATE AND TIME OF LATEST TRANSACTION
control field 20170105102925.0
008 - FIXED-LENGTH DATA ELEMENTS--GENERAL INFORMATION
fixed length control field 131211s1998 xxu eng d
020 ## - INTERNATIONAL STANDARD BOOK NUMBER
International Standard Book Number 0684838524 (paperback)
Terms of availability $27.95
020 ## - INTERNATIONAL STANDARD BOOK NUMBER
International Standard Book Number 9780684838526 (paperback)
040 ## - CATALOGING SOURCE
Original cataloging agency 0
050 04 - LIBRARY OF CONGRESS CALL NUMBER
Classification number GC11.2
082 04 - DEWEY DECIMAL CLASSIFICATION NUMBER
Classification number 551.46
Author Mark BRO 1997
100 1# - MAIN ENTRY--PERSONAL NAME
Personal name Broad, William J.
245 14 - TITLE STATEMENT
Title The universe below :
Remainder of title discovering the secrets of the deep sea /
Statement of responsibility, etc. William J Broad, Dimitry Schidlovsky.
250 ## - EDITION STATEMENT
Edition statement Reprint ed.
260 ## - PUBLICATION, DISTRIBUTION, ETC.
Place of publication, distribution, etc. [S.l.] :
Name of publisher, distributor, etc. Touchstone,
Date of publication, distribution, etc. 1998.
300 ## - PHYSICAL DESCRIPTION
Extent 432 p. :
Other physical details col. ill. ;
Dimensions 24 cm.
520 ## - SUMMARY, ETC.
Summary, etc. Pulitzer Prize winner William J. Broad takes us on an adventure to the planet's last and most exotic frontier -- the depths of the sea. The Universe Below examines how we are illuminating its dark recesses as a wave of advanced technology quietly opens the Earth's largest and most mysterious environment. Broad takes us on breathtaking dives and expeditions -- to the Azores, to the Titanic , to hot springs teeming with bizarre life, to icy fissures aswarm with gulper eels, vampire squids, and gelatinous beasts longer than a city bus. We meet legendary explorers and researchers and go with them as they probe the ancient mysteries of a universe that encompasses the vast majority of the Earth's habitable space and holds millions of humanity's lost artworks and treasures. The Universe Below is an unforgettable trip to our last great unexplored frontier.
650 #0 - SUBJECT ADDED ENTRY--TOPICAL TERM
Topical term or geographic name entry element Deep-sea biology
650 #0 - SUBJECT ADDED ENTRY--TOPICAL TERM
Topical term or geographic name entry element Oceanography
700 1# - ADDED ENTRY--PERSONAL NAME
Personal name Schidlovsky, Dimitry.
856 40 - ELECTRONIC LOCATION AND ACCESS
Materials specified Amazon.com
Uniform Resource Identifier <a href="http://www.amazon.com/exec/obidos/ASIN/0684838524/chopaconline-20">http://www.amazon.com/exec/obidos/ASIN/0684838524/chopaconline-20</a>
942 ## - ADDED ENTRY ELEMENTS (KOHA)
Source of classification or shelving scheme
Koha item type Book
Holdings
Withdrawn status Lost status Damaged status Not for loan Collection code Permanent Location Current Location Shelving location Date acquired Total Checkouts Full call number Barcode Date last seen Price effective from Koha item type
          Centre for International Peace & Stability (CIPS) Centre for International Peace & Stability (CIPS) General Stacks 10/02/2013   551.46 BRO 1997 CIPS0002372 12/11/2013 12/11/2013 Book
© 2023 Central Library, National University of Sciences and Technology. All Rights Reserved.